| 000 | 00872 a2200205 4500 | ||
|---|---|---|---|
| 020 | _a0471153370 | ||
| 040 | _aDLC | ||
| 082 | 0 | 0 | _a005.756 |
| 100 | 1 | _aKimball, Ralph. | |
| 245 | 1 | 4 |
_aThe data warehouse toolkit : practical techniques for building dimensional data warehouses _cRalph Kimball. |
| 260 |
_aNew York : _bJohn Wiley & Sons, _cc1996. |
||
| 300 |
_axxviii, 388 p. : _bill. ; _c24 cm. + _e1 computer laser optical disc (4 3/4 in.) |
||
| 500 | _aIncludes index. | ||
| 650 | 0 | _aDatabase design. | |
| 650 | 0 | _aData warehousing. | |
| 856 | 4 |
_3Table of Contents only _uhttp://www.loc.gov/catdir/toc/onix02/95050557.html |
|
| 856 | 4 |
_3Contributor biographical information _uhttp://www.loc.gov/catdir/enhancements/fy0607/95050557-b.html |
|
| 856 | 4 |
_3Publisher description _uhttp://www.loc.gov/catdir/enhancements/fy0607/95050557-d.html |
|
| 942 |
_cBK _k658.4038 KIM _2ddc |
||
| 999 |
_c4343 _d4343 |
||